<?xml version="1.0" encoding="UTF-8"?><?xml-stylesheet type="text/xsl" href="static/style.xsl"?><OAI-PMH xmlns="http://www.openarchives.org/OAI/2.0/" xmlns:xsi="http://www.w3.org/2001/XMLSchema-instance" xsi:schemaLocation="http://www.openarchives.org/OAI/2.0/ http://www.openarchives.org/OAI/2.0/OAI-PMH.xsd"><responseDate>2026-06-06T05:00:24Z</responseDate><request verb="GetRecord" identifier="oai:riuma.uma.es:10630/11469" metadataPrefix="marc">https://riuma.uma.es/rest/oai/request</request><GetRecord><record><header><identifier>oai:riuma.uma.es:10630/11469</identifier><datestamp>2026-02-03T10:19:09Z</datestamp><setSpec>com_10630_1685</setSpec><setSpec>col_10630_38055</setSpec></header><metadata><record xmlns="http://www.loc.gov/MARC21/slim" xmlns:dcterms="http://purl.org/dc/terms/" xmlns:doc="http://www.lyncode.com/xoai" xmlns:xsi="http://www.w3.org/2001/XMLSchema-instance" xsi:schemaLocation="http://www.loc.gov/MARC21/slim http://www.loc.gov/standards/marcxml/schema/MARC21slim.xsd">
   <leader>00925njm 22002777a 4500</leader>
   <datafield ind2=" " ind1=" " tag="042">
      <subfield code="a">dc</subfield>
   </datafield>
   <datafield ind2=" " ind1=" " tag="720">
      <subfield code="a">Almirón-García, Adrián</subfield>
      <subfield code="e">author</subfield>
   </datafield>
   <datafield ind2=" " ind1=" " tag="260">
      <subfield code="c">2016-05-20</subfield>
   </datafield>
   <datafield ind2=" " ind1=" " tag="520">
      <subfield code="a">El principal objetivo de este trabajo fin de grado es la implementación de una aplicación&#xd;
web que permita realizar actividades de enseñanza/aprendizaje en las ramas de cálculo&#xd;
y álgebra de las matemáticas, enfocada principalmente en los contenidos impartidos en&#xd;
las asignaturas de matemáticas en Bachillerato, concretamente de la unidad de&#xd;
realización de derivadas.&#xd;
Se han desarrollado dos modelos:&#xd;
Uno para el profesor, que permite la generación de los ejercicios, así como la consulta&#xd;
de las posibles soluciones. Esta aplicación ofrece al docente la posibilidad de mediante&#xd;
una serie de ajustes, generar de forma dinámica las actividades deseadas.&#xd;
Otro para el alumno, que permite la realización de las actividades y la inclusión de&#xd;
respuestas paso a paso, además de la visualización de las correcciones a sus&#xd;
procedimientos.&#xd;
Para el desarrollo de estas aplicaciones se ha usado el lenguaje Java con ayuda de&#xd;
JSON para el intercambio de datos. También se ha utilizado el motor de respuestas&#xd;
Wolfram Alpha para realizar las correcciones paso a paso de las respuestas de los&#xd;
alumnos.</subfield>
   </datafield>
   <datafield ind1="8" ind2=" " tag="024">
      <subfield code="a">http://hdl.handle.net/10630/11469</subfield>
   </datafield>
   <datafield tag="653" ind2=" " ind1=" ">
      <subfield code="a">Cálculo - Estudio y enseñanza - Automatización</subfield>
   </datafield>
   <datafield tag="653" ind2=" " ind1=" ">
      <subfield code="a">Álgebra - Estudio y enseñanza - Automatización</subfield>
   </datafield>
   <datafield tag="653" ind2=" " ind1=" ">
      <subfield code="a">Servicios web</subfield>
   </datafield>
   <datafield tag="653" ind2=" " ind1=" ">
      <subfield code="a">Grado en Ingeniería del Software - Trabajos Fin de Grado</subfield>
   </datafield>
   <datafield tag="653" ind2=" " ind1=" ">
      <subfield code="a">Informática - Trabajos Fin de Grado</subfield>
   </datafield>
   <datafield ind2="0" ind1="0" tag="245">
      <subfield code="a">Aplicación web para enseñanza/aprendizaje de cálculo y álgebra</subfield>
   </datafield>
</record>
</metadata></record></GetRecord></OAI-PMH>